000 00676nam a2200289Ia 4500
005 20260324142436.0
008 008 260324s9999 xx 000 0 eng d
020 _a9781003061519
037 _aEBOOK
040 _aCRL
040 _beng
040 _cCRL
041 _2eng
041 _aeng
084 _qCRL
100 _aLynn Wilson
_91211948
245 0 _aSpeaking to Power
245 0 _bGender and Politics in the Western Pacific
260 _bTaylor and Francis
260 _c1995
365 _a
365 _b185
856 _uhttp://www.taylorfrancis.com/books/9781003061519
942 _cEBOOK
999 _c1816153
_d1816153